COMPENDEX Příručka pro uživatele

Saved in:
Bibliographic Details
Main Author: Bužga, Ondřej
Format: Book
Language:Czech
Published: Praha Ústředí vědeckých, technických a ekonomických informací 1985
Tags: Add Tag
No Tags, Be the first to tag this record!

MARC

LEADER 00000nam a2200000 4500
001 c040392
005 20250926122239.5
041 0 |a cze 
044 |a CZ 
245 1 0 |a COMPENDEX  |b Příručka pro uživatele  |c Ondřej Bužga 
264 1 |a Praha  |b Ústředí vědeckých, technických a ekonomických informací  |c 1985 
300 |a 67 s. 
100 1 |a Bužga, Ondřej